| 000 | 01465nam a2200373 i 4500 | ||
|---|---|---|---|
| 003 | CO-BoRNBP | ||
| 005 | 20220317000239.0 | ||
| 007 | ta | ||
| 008 | 141031r20122020ck a0 sbr s sfdspa d | ||
| 020 | _a9789583039324 | ||
| 040 |
_aCO-BoRNBP _bspa _erda _cCO-BoRNBP |
||
| 041 | 0 | _aspa | |
| 043 | _as-ck--- | ||
| 084 | _aN LOZ1 | ||
| 100 | 1 |
_aLozano, Pilar _d1951- _eautora |
|
| 245 | 1 | 0 |
_aColombia, mi abuelo y yo _brelatos mágicos de nuestra geografía _cPilar Lozano ; ilustraciones de Carlos Martín Riaño Moncada ; edición Raquel Mireya Fonseca Leal |
| 250 |
_aTercera edición _bPrimera reimpresión, Segunda reimpresión |
||
| 264 | 1 |
_aBogotá, Colombia _bPanamericana Editorial _c2012 _c2013 _c2020 |
|
| 300 |
_a171 páginas _bilustraciones a color _c21 cm |
||
| 336 |
_atexto _btxt _2rdacontent |
||
| 337 |
_asin mediación _bn _2rdamedia |
||
| 338 |
_avolumen _bnc _2rdacarrier |
||
| 490 | 0 | _aLiteratura juvenil | |
| 521 | _aRecomendado para un público infantil mayor de 9 años | ||
| 545 | _aIncluye datos biográficos de la autora en la solapa | ||
| 650 | 1 | 7 |
_aLiteratura infantil colombiana _ySiglo XX _2LEMB |
| 650 | 1 | 7 |
_aNovela infantil colombianas _ySiglo XX _2LEMB |
| 650 | 1 | 7 |
_aAutores colombianos _ySiglo XX _2LEMB |
| 650 | 1 | 7 |
_aNaturaleza _vNovela _2LEMB |
| 650 | 1 | 7 |
_aAbuelos _vNovela _2LEMB |
| 700 | 1 |
_aRiaño Moncada, Carlos Martín _eilustrador _9201309 |
|
| 700 | 1 |
_aFonseca Leal, Raquel Mireya _eeditora _944433 |
|
| 942 |
_2loc _cBKLIT |
||
| 999 |
_c3513 _d3513 |
||